[Event "WJun"]
[Site "Nakhchivan AZE"]
[Date "2003.07.01"]
[Round "11"]
[White "Bachin,V"]
[Black "Erenburg,S"]
[Result "0-1"]
[WhiteElo "2443"]
[BlackElo "2499"]
[EventDate "2003.06.22"]

1. e4 c6 2. c4 d5 3. exd5 cxd5 4. d4 Nf6 5. Nc3 e6 6. Nf3 Bb4 7. Bd3 dxc4
8. Bxc4 Nbd7 9. a3 Bxc3+ 10. bxc3 Qc7 11. Qb3 O-O 12. O-O b6 13. Be2 Bb7
14. c4 Rac8 15. Bb2 Bxf3 16. Qxf3 e5 17. Rfd1 exd4 18. Rxd4 Rfe8 19. Bf1
Re6 20. Rad1 Rce8 21. h3 Nc5 22. Rf4 Nfe4 23. h4 f6 24. Rd4 Qe7 25. g3 Nd6
26. Rd1 Nf7 27. g4 Re4 28. Rd5 Ne5 29. Qg3 Ng6 30. Rxe4 Qxe4 31. g5 Qb1 32.
Bc3 Ne4 33. Qe3 Ne7 34. Rb5 Qc2 35. Bd4 Nc6 36. gxf6 Nxf6 37. Qc3 Nxd4 38.
Qxd4 Qe4 39. Qxe4 Nxe4 40. a4 Rc8 41. Bh3 Rc5 42. Be6+ Kf8 43. Rb3 Ke7 44.
Bd5 Nf6 45. Re3+ Kd6 46. Rg3 g6 47. h5 Nxh5 48. Rf3 Rc7 49. Kf1 Kc5 50. Ke2
Kb4 51. Kd3 Ng7 52. Kc2 Nf5 53. Rb3+ Kc5 54. Kd3 Nd6 55. Rb1 Re7 56. Rh1
Ne8 57. a5 b5 58. Rc1 Nd6 59. Bg8 bxc4+ 60. Bxc4 Nxc4 61. Rxc4+ Kb5 62. Rc8
Kxa5 63. Rb8 Ka6 64. Kc4 Rc7+ 65. Kd5 Rb7 66. Rc8 Kb5 67. Rc5+ Kb4 68. Rc1
Rf7 69. Rb1+ Kc3 70. Ra1 a5 71. Ke4 Ra7 72. Rc1+ Kb2 73. Rc8 a4 74. Kd3 a3
75. Kd2 Rd7+ 76. Ke2 Rb7 77. Kd2 a2 78. Rc2+ Ka3 0-1

[Event "WJun"]
[Site "Nakhchivan AZE"]
[Date "2003.07.01"]
[Round "11"]
[White "Ganguly,S"]
[Black "Pantsulaia,L"]
[Result "1-0"]
[WhiteElo "2542"]
[BlackElo "2465"]
[EventDate "2003.06.22"]

1. e4 c5 2. Nf3 d6 3. d4 cxd4 4. Nxd4 Nf6 5. Nc3 a6 6. Be2 e5 7. Nb3 Be7 8.
O-O O-O 9. Kh1 b6 10. Be3 Bb7 11. f3 b5 12. Qd2 Nbd7 13. Rfd1 Qc7 14. Rac1
Rfd8 15. Nd5 Bxd5 16. exd5 Rab8 17. c4 b4 18. f4 Ne4 19. Qc2 Ndc5 20. fxe5
dxe5 21. Bd3 Nxb3 22. axb3 Bc5 23. Re1 Bxe3 24. Rxe3 Nf6 25. Rce1 g6 26.
Rf1 Nd7 27. g4 Nc5 28. Be4 Qe7 29. Ref3 Qh4 30. Rxf7 Qxg4 31. Bg2 Qd4 32.
Rxh7 e4 33. Rh3 Rf8 34. Rd1 Nd3 35. Rhxd3 exd3 36. Qxd3 Qxd3 37. Rxd3 Rf2
38. d6 Rxb2 39. Rd1 Rxb3 40. c5 Rc3 41. c6 Rd8 42. c7 Rxc7 43. Bd5+ Rf7 44.
Rf1 Rxd6 45. Bxf7+ Kg7 46. Bc4 Rc6 47. Rf7+ Kh6 48. Bd5 Rd6 49. Bb3 a5 50.
Ra7 Rd3 51. Bg8 Ra3 52. Kg2 a4 53. h4 Kh5 54. Rb7 Kxh4 55. Rxb4+ Kg5 56.
Rb6 Kf5 57. Bh7 Ra2+ 58. Kg3 Ra3+ 59. Kf2 Ra2+ 60. Ke3 Ra3+ 61. Kd4 Rg3 62.
Ra6 a3 63. Kc4 Rg4+ 64. Kb3 Rg1 65. Ka2 Rg3 66. Rb6 Rg2+ 67. Kxa3 Rg1 68.
Kb2 Rg3 69. Kc2 Rg1 70. Kd2 Rg3 71. Ke2 Rg1 72. Kf3 Rg5 73. Bg8 Rg1 74. Kf2
Rg5 75. Bf7 Ke5 76. Bxg6 Kf4 77. Bd3 Ra5 78. Rb4+ Ke5 79. Ke3 Ra1 80. Rb5+
Kf6 81. Kf4 Ra4+ 82. Be4 Ra6 83. Rh5 Rd6 84. Bd5 Kg6 85. Rg5+ Kf6 86. Rf5+
Kg6 87. Bf7+ Kg7 88. Ke5 Ra6 89. Bd5 Kg6 90. Rf8 Kg5 91. Rb8 Rg6 92. Be6
Kh6 93. Bf5 Ra6 94. Be6 Kg7 95. Rg8+ Kh7 96. Rg3 Kh6 97. Kf6 Ra5 98. Rg8
Ra7 99. Rg6+ Kh7 100. Rg3 Kh8 101. Rb3 1-0

[Event "WJun"]
[Site "Nakhchivan AZE"]
[Date "2003.07.01"]
[Round "11"]
[White "Zubov,A UKR"]
[Black "Mastrovasilis,D"]
[Result "1/2-1/2"]
[WhiteElo "2494"]
[BlackElo "2456"]
[EventDate "2003.06.22"]

1. d4 d5 2. c4 c6 3. Nf3 Nf6 4. Nc3 e6 5. e3 Nbd7 6. Bd3 dxc4 7. Bxc4 b5 8.
Bd3 a6 9. e4 c5 10. d5 Qc7 11. O-O c4 12. dxe6 fxe6 13. Bc2 Bd6 14. Nd4 Nb6
15. Kh1 Bd7 16. f4 e5 17. Nf3 Bg4 18. a4 Bxf3 19. Qxf3 b4 20. fxe5 Bxe5 21.
a5 Nbd7 22. Nd5 Qd6 23. Nxf6+ Nxf6 24. Ba4+ Kf7 25. Qh5+ Kg8 26. Qe2 Qe6
27. Bf4 Rc8 28. Bxe5 Qxe5 29. Rf5 Qe6 30. Raf1 h5 31. e5 Rh6 32. Qf3 Nd7
33. Bc2 c3 34. bxc3 bxc3 35. Be4 c2 36. Qe3 Nxe5 37. Bxc2 Rxc2 38. Rxe5 Qc6
39. Rg5 Rf6 40. Qb3+ Qc4 41. Qb8+ Qc8 42. Qb3+ Qc4 43. Qxc4+ Rxc4 44. Kg1
Rh6 45. Rd1 Rcc6 46. Rdd5 Rhf6 47. Rd8+ Kf7 48. h3 g6 49. Rd7+ Kf8 50. Rb7
Rf7 51. Rb6 Rff6 52. Rb8+ 1/2-1/2

[Event "WJun"]
[Site "Nakhchivan AZE"]
[Date "2003.07.01"]
[Round "11"]
[White "Guseinov,K"]
[Black "Schneider,Dm"]
[Result "1-0"]
[WhiteElo "2505"]
[BlackElo "2424"]
[EventDate "2003.06.22"]

1. e4 e6 2. d4 d5 3. e5 c5 4. c3 Nc6 5. Nf3 Qb6 6. a3 Nh6 7. b4 cxd4 8.
cxd4 Nf5 9. Bb2 Be7 10. Bd3 a5 11. Qa4 O-O 12. b5 Bd7 13. O-O Na7 14. Nc3
Nh4 15. Nxh4 Bxh4 16. Qd1 f5 17. exf6 Bxf6 18. Na4 Qd6 19. Qe2 Rae8 20. f4
b6 21. Rf3 g6 22. Raf1 Nc8 23. g4 Rf7 24. h4 Ref8 25. Qf2 Bg7 26. Nc3 Ne7
27. Ne2 Bh6 28. Bc1 Qb8 29. Qg2 a4 30. Bd2 Qe8 31. Nc3 Bg7 32. Be3 Nc8 33.
h5 gxh5 34. Rh3 Bf6 35. Rxh5 Rg7 36. Qh3 Rff7 37. Kh1 e5 38. dxe5 Bxg4 39.
Qh2 Bxh5 40. Qxh5 d4 41. Bxd4 Qd7 42. Ne2 Rg4 43. Rg1 Qd5+ 44. Kh2 Rxg1 45.
Kxg1 Ne7 46. Kf2 Bh8 47. Bxh7+ Rxh7 48. Qe8+ Kg7 49. Qxe7+ Kg8 50. Qe8+ Kg7
51. e6+ Kh6 52. Bxh8 Rc7 53. Bd4 Rc2 54. Qh8+ Kg6 55. Qg7+ Kh5 56. Qh7+ Kg4
57. Qg6+ 1-0

[Event "WJun"]
[Site "Nakhchivan AZE"]
[Date "2003.07.01"]
[Round "11"]
[White "Jatautis,D"]
[Black "Rohit,G"]
[Result "1/2-1/2"]
[WhiteElo "2149"]
[BlackElo "2357"]
[EventDate "2003.06.22"]

1. e4 c5 2. Nf3 d6 3. c3 Nf6 4. h3 Bd7 5. Bd3 Bc6 6. Qe2 Nbd7 7. Bc2 e5 8.
O-O Be7 9. d4 b6 10. dxe5 dxe5 11. a4 O-O 12. Na3 Qc7 13. Nc4 Rfe8 14. Bg5
Bf8 15. Nh2 a6 16. Bxf6 Nxf6 17. Ng4 Nd7 18. Rfd1 Red8 19. Qf3 b5 20. axb5
axb5 21. Rxa8 Rxa8 22. Nce3 h5 23. Nh2 g6 24. Nhf1 Bh6 25. Bb1 Nb6 26. Ng3
Bf4 27. Nd5 Bxd5 28. exd5 Bxg3 29. d6 Qd7 30. Qxg3 Qe6 31. Qd3 Rd8 32. Qxb5
Rxd6 33. Re1 Nd7 34. Qe2 Qb3 35. Qc2 Qb6 36. Ba2 Kg7 37. Bc4 Qc6 38. Ra1
Nb6 39. Bf1 Qd5 40. Qe2 c4 41. Re1 f6 42. Ra1 f5 43. Ra7+ Kf6 44. Ra6 Qb5
45. Ra7 Rd7 46. Rxd7 Qxd7 47. Qe3 Qd6 48. Be2 Kg7 49. Qc1 Qc5 50. Qg5 Nd5
51. Qd8 e4 52. Qd7+ Kh8 53. Qe8+ Kg7 54. Qe5+ Kh6 55. b3 cxb3 56. c4 b2 57.
Qxb2 Ne7 58. h4 Kh7 59. Qf6 Kg8 60. Bd1 f4 61. Qe6+ Kg7 62. Qxe4 Qd6 63.
Bc2 Kf6 64. c5 Qxc5 1/2-1/2

[Event "WJun"]
[Site "Nakhchivan AZE"]
[Date "2003.07.01"]
[Round "11"]
[White "Izoria,Z"]
[Black "Kritz,L"]
[Result "1/2-1/2"]
[WhiteElo "2569"]
[BlackElo "2468"]
[EventDate "2003.06.22"]

1. d4 Nf6 2. Nf3 e6 3. c4 b6 4. g3 Ba6 5. b3 Bb4+ 6. Bd2 Be7 7. Bg2 c6 8.
O-O d5 9. Qc2 Nbd7 10. Rd1 Rc8 11. Bf4 O-O 12. Nc3 dxc4 13. e4 h6 14. Nd2
g5 15. Be3 Ng4 16. Nxc4 b5 17. h3 Nxf2 18. Bxf2 bxc4 19. Na4 cxb3 20. axb3
Bb5 21. Nc3 a5 22. e5 1/2-1/2

[Event "WJun"]
[Site "Nakhchivan AZE"]
[Date "2003.07.01"]
[Round "11"]
[White "Dziuba,M"]
[Black "Jirka,J"]
[Result "0-1"]
[WhiteElo "2450"]
[BlackElo "2394"]
[EventDate "2003.06.22"]

1. d4 d5 2. c4 c6 3. Nf3 Nf6 4. Nc3 a6 5. e3 b5 6. b3 Bf5 7. Be2 e6 8. O-O
Nbd7 9. Bb2 Bd6 10. a4 b4 11. Na2 a5 12. Nc1 O-O 13. c5 Bb8 14. Nd3 Ne4 15.
Rc1 f6 16. Nh4 g5 17. Nxf5 exf5 18. g3 Qe7 19. Kg2 Kg7 20. Qc2 g4 21. Rh1
Re8 22. Rce1 Nf8 23. Nf4 Bxf4 24. exf4 h5 25. h3 Ng6 26. hxg4 hxg4 27. Rh5
Rh8 28. Reh1 Rxh5 29. Rxh5 Re8 30. Bd1 Qf7 31. Rh1 Re7 32. Qd3 Qe6 33. f3
gxf3+ 34. Bxf3 Kf8 35. Bc1 Qc8 36. Be3 Rg7 37. Rh3 Ke7 38. Kf1 Nf8 39. Bf2
Ne6 40. Be2 Nc7 41. Be1 Qg8 42. Qe3 Rh7 43. Rxh7+ Qxh7 44. Kg2 Qg6 45. Bf2
Kd7 46. Qf3 Ne6 47. Be3 Ke7 48. Kh3 Qg7 49. Kg2 Nc3 50. Bd3 Ne4 51. Ba6 Kd7
52. Bf1 Nf8 53. Kh2 Qh7+ 54. Bh3 Ne6 55. g4 Qh4 56. gxf5 Nc7 57. Bg1 Qe1
58. Qe3 Qc3 59. Bg4 Qc2+ 60. Kh1 Nd2 61. Be2 Nxb3 62. Bd3 Qc3 63. Bf2 Nc1
64. Bf1 Qc2 65. Be1 b3 66. Bxa5 b2 67. Qg3 Qe4+ 68. Bg2 Qe7 69. Bxd5 Nxd5
0-1

[Event "WJun"]
[Site "Nakhchivan AZE"]
[Date "2003.07.01"]
[Round "11"]
[White "Kanep,M"]
[Black "Pacheco,M"]
[Result "1-0"]
[WhiteElo "2446"]
[BlackElo "2349"]
[EventDate "2003.06.22"]

1. d4 d5 2. c4 c6 3. Nf3 Nf6 4. e3 Bg4 5. Qb3 Qb6 6. Nc3 Bxf3 7. gxf3 e6 8.
c5 Qc7 9. e4 Nbd7 10. e5 Nh5 11. Be3 Be7 12. Be2 g6 13. O-O-O b6 14. cxb6
axb6 15. Kb1 f5 16. exf6 Bxf6 17. Rhe1 O-O 18. f4 Nxf4 19. Bg4 Rfe8 20. Bc1
Nf8 21. Qc2 c5 22. Nb5 Qd7 23. a4 Ng2 24. Re2 Rec8 25. Qb3 cxd4 26. Bh6 d3
27. Rxd3 Rc4 28. Qxc4 1-0

[Event "WJun"]
[Site "Nakhchivan AZE"]
[Date "2003.07.01"]
[Round "11"]
[White "Mahesh Chandran,P"]
[Black "Kozak,L"]
[Result "1-0"]
[WhiteElo "2419"]
[BlackElo "2178"]
[EventDate "2003.06.22"]

1. e4 e5 2. Nf3 Nc6 3. Bb5 a6 4. Ba4 Nf6 5. O-O Be7 6. Re1 b5 7. Bb3 d6 8.
c3 O-O 9. h3 Nb8 10. d4 Nbd7 11. Nbd2 Bb7 12. Bc2 Re8 13. Nf1 Bf8 14. Ng3
g6 15. a4 c5 16. d5 c4 17. Bg5 Bg7 18. Qd2 Qe7 19. Ra3 Qf8 20. Rea1 Nc5 21.
Qd1 Rab8 22. axb5 axb5 23. Ra7 Bc8 24. R1a5 Re7 25. Ra8 Reb7 26. R5a7 Nfd7
27. Qa1 Rxa8 28. Rxa8 Nb6 29. Ra5 Bd7 30. Be3 Nba4 31. Bxa4 Nxa4 32. Qa3
Qb8 33. Qb4 Bf8 34. Ra6 f5 35. exf5 gxf5 36. Nh5 Kf7 37. b3 Nb2 38. Qa3 Nd3
39. Ra8 Qc7 40. Ng5+ Kg6 41. Rxf8 Kxh5 42. Rf6 b4 43. Nf7 1-0

[Event "WJun"]
[Site "Nakhchivan AZE"]
[Date "2003.07.01"]
[Round "11"]
[White "Kuparadze,G"]
[Black "Hanley,C"]
[Result "1-0"]
[WhiteElo "2227"]
[BlackElo "2375"]
[EventDate "2003.06.22"]

1. e4 e6 2. d3 c5 3. Nf3 Nc6 4. g3 Nge7 5. Bg2 g6 6. O-O Bg7 7. c3 d5 8.
Qe2 b6 9. Bf4 h6 10. h4 dxe4 11. dxe4 e5 12. Rd1 Qc7 13. Bd2 O-O 14. Na3
Be6 15. Nc2 f5 16. exf5 gxf5 17. Nh2 Rae8 18. g4 Ng6 19. gxf5 Bxf5 20. Ne3
Nf4 21. Qc4+ Be6 22. Nd5 Qf7 23. Bxf4 exf4 24. Qxf4 Qxf4 25. Nxf4 Rxf4 26.
Bxc6 Ref8 27. Re1 Bc8 28. f3 Rxh4 29. Rad1 Bf6 30. Bd7 Bxd7 31. Rxd7 Ra4
32. Ng4 Bg5 33. Re6 Rf7 34. Rg6+ Kf8 35. Rxf7+ Kxf7 36. Ne5+ Kf8 37. a3 c4
38. Rc6 Be3+ 39. Kf1 b5 40. f4 1-0

[Event "WJun"]
[Site "Nakhchivan AZE"]
[Date "2003.07.01"]
[Round "11"]
[White "Esplana,C"]
[Black "Murariu,A"]
[Result "1-0"]
[WhiteElo "2367"]
[BlackElo "2347"]
[EventDate "2003.06.22"]

1. e4 c5 2. Nf3 Nc6 3. d4 cxd4 4. Nxd4 Nf6 5. Nc3 d6 6. Bc4 e6 7. Bb3 a6 8.
O-O Be7 9. Kh1 O-O 10. f4 Bd7 11. f5 Nxd4 12. Qxd4 Ng4 13. Bf4 e5 14. Qd1
h5 15. Bg3 Bc6 16. Qf3 Bg5 17. Rad1 Qf6 18. Rd3 Qh6 19. Rfd1 Rad8 20. Bf2
Bf4 21. h3 Nxf2+ 22. Qxf2 h4 23. Bd5 Rc8 24. Bxc6 Rxc6 25. Nd5 Bg5 26. Qe2
Rd8 27. c3 Kh8 28. b3 Bc1 29. a4 Ba3 30. Qg4 b5 31. axb5 axb5 32. Qe2 Bc5
33. b4 Bb6 34. R3d2 Ra8 35. Kh2 Bd8 36. Qxb5 Rca6 37. Qe8+ Kh7 38. Qxf7 Bg5
39. Qg6+ Qxg6 40. fxg6+ Kxg6 41. Rb2 Rb8 42. Kg1 Rc6 43. Ra2 Rb7 44. Re1
Bf4 45. Ree2 Kg5 46. Kf2 Rc8 47. Ke1 Rf8 48. Ra6 Rbf7 49. b5 Rb7 50. b6
Bg3+ 51. Kd2 Bf2 52. Kd3 Bc5 53. Ra1 Kh5 54. Rb2 g5 55. Kc4 Rfb8 56. Ra6 g4
57. Kb5 Rc8 58. Rba2 Rbb8 59. c4 gxh3 60. gxh3 Bd4 61. Rg2 Rc5+ 62. Kb4
Rxd5 63. cxd5 Bxb6 64. Kb5 Bc5+ 65. Kc6 Kh6 66. Rg4 Kh5 67. Rg2 Rb3 68. Ra8
Rg3 69. Rg8 1-0

[Event "WJun"]
[Site "Nakhchivan AZE"]
[Date "2003.07.01"]
[Round "11"]
[White "Safarli,E"]
[Black "Gupta,A"]
[Result "1-0"]
[WhiteElo "2201"]
[BlackElo "2335"]
[EventDate "2003.06.22"]

1. e4 c5 2. Nf3 d6 3. d4 cxd4 4. Nxd4 Nf6 5. Nc3 Nc6 6. g3 e6 7. Bg2 Be7 8.
Nxc6 bxc6 9. e5 Nd5 10. exd6 Bxd6 11. Ne4 Ba6 12. c4 Bb4+ 13. Bd2 Bxd2+ 14.
Nxd2 Ne7 15. O-O O-O 16. b3 Rb8 17. Ne4 Qb6 18. Qd6 Nf5 19. Qe5 Rbd8 20.
Rad1 h6 21. Nc3 Bc8 22. Na4 Qb7 23. Qc5 Qe7 24. Bxc6 Rxd1 25. Rxd1 Rd8 26.
Rxd8+ Qxd8 27. h3 Nd4 28. Bg2 Ne2+ 29. Kh2 Kh7 30. Qe3 Qd1 31. f4 Qe1 32.
Nc3 Qxc3 33. Qxe2 f5 34. Qf3 Qb2 35. a4 Qd4 36. Qc6 Bd7 37. Qc7 Be8 38. Qe5
Qb6 39. a5 Qxb3 40. Qxe6 Bg6 41. Qd5 Qc2 42. c5 Bh5 43. c6 Be2 44. Kg1 Qc1+
45. Kh2 Qc2 46. c7 Qxc7 47. Qxf5+ g6 48. Qe5 Qxe5 49. fxe5 Bc4 50. Kg1 Kg7
51. Kf2 Kf7 52. Ke3 Ke6 53. Kd4 Bb3 54. Be4 g5 55. Bf3 Bc2 56. Bg4+ Ke7 57.
Kd5 Bg6 58. Kc6 h5 59. Bc8 Be4+ 60. Kc7 h4 61. gxh4 gxh4 62. Kb8 Kd8 63.
Bg4 a6 64. Ka7 Bd3 65. Kb6 Bf1 66. Kc5 Ke7 67. Kd4 Kd8 68. Ke3 Kc7 69. Kf4
Kc6 70. e6 Bb5 71. Kg5 Kc5 72. Kxh4 Kb4 73. Bh5 Kxa5 74. e7 Kb6 75. e8=Q
Bxe8 76. Bxe8 Kc7 77. Kg5 Kd8 78. Bf7 Ke7 79. Kg6 Kf8 80. h4 1-0

[Event "WJun"]
[Site "Nakhchivan AZE"]
[Date "2003.07.01"]
[Round "11"]
[White "Allemann,A"]
[Black "Deepan,C"]
[Result "0-1"]
[WhiteElo "2254"]
[BlackElo "2379"]
[EventDate "2003.06.22"]

1. e4 c5 2. c3 Nf6 3. e5 Nd5 4. Nf3 Nc6 5. Bc4 Nb6 6. Bb3 d5 7. exd6 Qxd6
8. O-O g6 9. d4 c4 10. Bc2 Bg7 11. Nbd2 O-O 12. Qe2 Be6 13. b3 cxb3 14.
axb3 Bg4 15. Nc4 Qe6 16. Qxe6 Bxe6 17. Nxb6 axb6 18. Be3 b5 19. b4 Bc4 20.
Rfe1 Rxa1 21. Rxa1 e5 22. dxe5 Nxe5 23. Nxe5 Bxe5 24. Bd4 Bxd4 25. cxd4 Rd8
26. Be4 Rxd4 27. Bxb7 Be6 28. Kf1 Rxb4 29. Ke2 Rb2+ 30. Ke3 b4 31. Be4 Kg7
32. f4 h5 33. Kd4 h4 34. Ra4 h3 35. gxh3 b3 36. Bf3 Rxh2 37. Rb4 Rxh3 38.
Bd5 Bxd5 39. Kxd5 f5 40. Rb7+ Kh6 41. Ke5 Kh5 42. Kf6 Re3 43. Rh7+ Kg4 44.
Kxg6 Re6+ 45. Kf7 Rb6 0-1

[Event "WJun"]
[Site "Nakhchivan AZE"]
[Date "2003.07.01"]
[Round "11"]
[White "Geirnaert,S"]
[Black "Wang,H"]
[Result "1-0"]
[WhiteElo "2289"]
[BlackElo "2226"]
[EventDate "2003.06.22"]

1. e4 c5 2. Nf3 d6 3. d4 Nf6 4. Nc3 cxd4 5. Nxd4 a6 6. f4 e5 7. Nf3 Nbd7 8.
Bd3 b5 9. O-O Be7 10. Kh1 O-O 11. fxe5 dxe5 12. Qe1 Bb7 13. a3 Re8 14. Bg5
Qc7 15. Nh4 g6 16. Qf2 Rf8 17. Qf3 Kh8 18. Bh6 Rfe8 19. Qh3 Qb6 20. Rf3 Qe6
21. Qxe6 fxe6 22. Bg5 Nh5 23. Bxe7 Rxe7 24. g3 Nc5 25. Raf1 g5 26. Ng2 Rd7
27. Rf7 Rad8 28. Ne3 Kg8 29. Ng4 Nxd3 30. Nh6+ Kh8 31. cxd3 Bc6 32. Rxd7
Rxd7 33. Nf7+ Kg7 34. Nxe5 Rc7 35. Ne2 Bb7 36. Rc1 Rxc1+ 37. Nxc1 Nf6 38.
Nb3 h5 39. Nc5 1-0

[Event "WJun"]
[Site "Nakhchivan AZE"]
[Date "2003.07.01"]
[Round "11"]
[White "Agayev,N"]
[Black "Arun Prasad,S"]
[Result "1/2-1/2"]
[WhiteElo "2116"]
[BlackElo "2275"]
[EventDate "2003.06.22"]

1. Nf3 d5 2. c4 e6 3. b3 Nf6 4. Bb2 c5 5. e3 Nc6 6. g3 Be7 7. Bg2 O-O 8.
O-O b6 9. Nc3 Ba6 10. d3 Rc8 11. Qe2 Qc7 12. Rfd1 Rfd8 13. Rac1 Qb8 14. Nb5
Bb7 15. Nc3 Na5 16. h3 h6 17. Nh2 Nc6 18. Nf3 a6 19. cxd5 exd5 20. d4 c4
21. bxc4 dxc4 22. e4 Nb4 23. Ne5 b5 24. a3 Nc6 25. Nxc6 Bxc6 26. d5 Bb7 27.
e5 Ne8 28. d6 Bxg2 29. Kxg2 Nxd6 30. exd6 Bxd6 31. Ne4 Be5 32. Bxe5 Qxe5
33. Nc3 Qc5 34. Qg4 Qxa3 35. Nd5 Qc5 36. Qf5 Qd6 37. Kh2 Rb8 38. Rc3 Re8
39. Rf3 Rb7 40. Qg4 Qg6 41. Qd4 Kh8 42. Rf4 Qg5 43. Re4 Rxe4 44. Qxe4 Rb8
45. Ne3 Rd8 46. Rd5 Rxd5 47. Nxd5 Qd8 48. Kg2 a5 49. Qf5 Kg8 50. Ne3 Qe8
51. Kf3 Qc6+ 52. Qe4 Qf6+ 53. Kg2 Qd8 54. Qd5 Qxd5+ 55. Nxd5 b4 56. Kf3 c3
57. Ke3 c2 58. Kd2 b3 59. Nc3 Kf8 60. Na4 Ke7 61. Nc5 a4 62. Nxa4 Kd6 63.
Nb2 Kd5 64. f3 Kd4 65. Nd3 g6 66. Nc1 Kc4 67. Ne2 f5 68. h4 g5 69. h5 g4
70. fxg4 fxg4 71. Nf4 Kd4 72. Ng2 Ke4 73. Nh4 Ke5 74. Ng2 Kf5 75. Ne3+ Kg5
76. Nc4 Kxh5 77. Na5 Kg5 78. Nxb3 Kf5 79. Ke3 Ke5 80. Nc1 h5 81. Nd3+ Kf5
82. Kd2 Ke4 83. Ne1 c1=Q+ 84. Kxc1 Ke3 85. Kd1 Kf2 86. Kd2 Kxg3 87. Ke2 h4
88. Kf1 Kh2 89. Ng2 Kg3 90. Nxh4 Kxh4 91. Kg2 1/2-1/2

[Event "WJun"]
[Site "Nakhchivan AZE"]
[Date "2003.07.01"]
[Round "11"]
[White "Masse,H"]
[Black "Olsson,L"]
[Result "1/2-1/2"]
[WhiteElo "2120"]
[BlackElo "2252"]
[EventDate "2003.06.22"]

1. d4 Nf6 2. c4 c5 3. d5 e6 4. Nc3 exd5 5. cxd5 d6 6. e4 g6 7. Nf3 Bg7 8.
h3 O-O 9. Bd3 Nh5 10. O-O Nd7 11. Bg5 Bf6 12. Bh6 Re8 13. Qd2 a6 14. a4 b6
15. g4 Ng7 16. Bf4 Ne5 17. Nxe5 dxe5 18. Be3 h5 19. f3 Be7 20. Kh2 Bd6 21.
Rg1 Rb8 22. Bh6 Kh7 23. Bg5 Be7 24. Be3 Bd6 25. Bg5 Be7 26. Be3 Bd6 27. Qe2
Ra8 28. b3 Rh8 29. Kg2 1/2-1/2

[Event "WJun"]
[Site "Nakhchivan AZE"]
[Date "2003.07.01"]
[Round "11"]
[White "Monroy,C"]
[Black "Baladjaev,G"]
[Result "1-0"]
[WhiteElo "2294"]
[BlackElo "2177"]
[EventDate "2003.06.22"]

1. e4 c5 2. Nf3 d6 3. d4 cxd4 4. Nxd4 Nf6 5. Nc3 a6 6. Be3 e6 7. f3 Be7 8.
g4 Nc6 9. Qd2 O-O 10. O-O-O Nxd4 11. Bxd4 b5 12. Kb1 b4 13. Ne2 a5 14. Ng3
Qc7 15. Rg1 Rd8 16. Bd3 e5 17. Be3 Be6 18. Nf5 Bf8 19. Bg5 Nd7 20. Bxd8
Rxd8 21. Ne3 Nb6 22. Nd5 Qc5 23. c3 bxc3 24. Qxc3 Na4 25. Qxc5 Nxc5 26. Bc4
Rb8 27. Ne3 Bd7 28. Rd2 g6 29. g5 Kg7 30. h4 Ne6 31. Bxe6 Bxe6 32. Nd5 Rb7
33. Rc1 h6 34. Rc6 a4 35. Ra6 Bd7 36. Rb6 Ra7 37. a3 Be6 38. Rb5 Bd7 39.
Rb8 h5 40. Rc2 Bh3 41. Rc7 Ra5 42. Nf6 Be6 43. Re8 Bh3 44. Rb7 Rc5 45. Rbb8
1-0

[Event "WJun"]
[Site "Nakhchivan AZE"]
[Date "2003.07.01"]
[Round "11"]
[White "Yilmaz,M"]
[Black "Agaragimov,D"]
[Result "0-1"]
[WhiteElo "1941"]
[BlackElo "2252"]
[EventDate "2003.06.22"]

1. e4 c5 2. Nf3 d6 3. c3 Nf6 4. Bd3 Nc6 5. O-O Bg4 6. h3 Bh5 7. Bc2 a6 8.
d3 d5 9. exd5 Qxd5 10. Re1 e6 11. Bf4 Be7 12. Nbd2 O-O 13. Ne4 Rad8 14. g4
Bg6 15. Qe2 Qd7 16. Rad1 Nd5 17. Bg3 Qc8 18. a3 Rd7 19. d4 cxd4 20. cxd4
Nf6 21. Be5 Bxe4 22. Bxe4 Rfd8 23. Rc1 Nxe4 24. Qxe4 Rd5 25. h4 Qd7 26. Kg2
Rb5 27. b4 a5 28. bxa5 Rxa5 29. Rb1 Rxa3 30. Rb2 Ra7 31. Reb1 Na5 32. Rb5
Qc6 33. Qxc6 bxc6 34. Rb8 Rad7 35. Rxd8+ Bxd8 36. Rb8 f6 37. Bf4 Kf7 38.
Bd2 Nc4 39. Bb4 e5 40. dxe5 Nxe5 41. Nxe5+ fxe5 42. Bc3 Ke6 43. Rc8 Kd5 44.
Ra8 Bxh4 45. Re8 Re7 46. Ra8 c5 47. Bd2 h6 48. Rc8 Re6 49. Rc7 Bf6 50. Kf1
Rc6 51. Ra7 e4 52. Ke2 c4 53. Kd1 Ke6 54. Ra2 Bd4 55. Be1 Ke5 56. Bd2 Kf6
57. Rc2 c3 58. Bc1 Ke5 59. Ra2 Kd5 60. Be3 Bxe3 61. fxe3 Ke5 62. Kc2 Kf6
63. Ra5 g6 64. Rd5 g5 65. Rf5+ Kg6 66. Re5 h5 67. gxh5+ Kxh5 68. Rxe4 g4
69. Ra4 g3 70. Ra1 Kg4 71. Kd3 c2 72. Rc1 g2 73. Ke2 Kg3 74. e4 Kh2 0-1

[Event "WJun"]
[Site "Nakhchivan AZE"]
[Date "2003.07.02"]
[Round "12"]
[White "Erenburg,S"]
[Black "Mamedyarov,S"]
[Result "0-1"]
[WhiteElo "2499"]
[BlackElo "2607"]
[EventDate "2003.06.22"]

1. e4 c5 2. Nf3 d6 3. c3 Nf6 4. Be2 Nc6 5. d4 cxd4 6. cxd4 Nxe4 7. d5 Qa5+
8. Nc3 Nxc3 9. bxc3 Ne5 10. O-O Nd7 11. Rb1 a6 12. Re1 Nf6 13. Nd4 g6 14.
Bf3 Bg7 15. c4 O-O 16. Rxe7 Qxa2 17. Rb3 Nd7 18. Ree3 Qa4 19. Nc2 Qxc4 20.
Ba3 Ne5 21. Bxd6 Nxf3+ 22. Rxf3 Bg4 23. Bxf8 Qxb3 24. Bxg7 Bxf3 25. gxf3
Kxg7 26. Qd4+ f6 27. Qe4 Qb1+ 28. Kg2 Rf8 29. d6 Rf7 30. h4 Qb6 31. Qe6 Qc5
32. h5 Qg5+ 33. Kf1 Qxh5 34. f4 Qd1+ 35. Ne1 a5 36. Kg2 a4 37. Nf3 Qb3 38.
Qe4 Rd7 39. Nd4 Qb6 40. Ne6+ Kf7 41. Qd5 Qxd6 42. Ng5+ Kg7 0-1

[Event "WJun"]
[Site "Nakhchivan AZE"]
[Date "2003.07.02"]
[Round "12"]
[White "Guseinov,K"]
[Black "Azarov,S"]
[Result "0-1"]
[WhiteElo "2505"]
[BlackElo "2530"]
[EventDate "2003.06.22"]

1. e4 e5 2. Nf3 Nc6 3. Bb5 a6 4. Ba4 Nf6 5. O-O Be7 6. d3 b5 7. Bb3 d6 8.
a4 Bg4 9. c3 O-O 10. h3 Bxf3 11. Qxf3 Na5 12. Bc2 b4 13. Re1 Nd7 14. Qg4
Rb8 15. Nd2 Bg5 16. d4 c5 17. Qe2 cxd4 18. cxd4 Bxd2 19. Bxd2 Nc6 20. Qxa6
Nxd4 21. Bd1 Qe7 22. Rc1 Nc5 23. Qc4 Qb7 24. f3 Rfc8 25. Qf1 Qd7 26. Be3
Nxa4 27. Rxc8+ Rxc8 28. Qf2 Nc5 29. Bxd4 exd4 30. Qxd4 h5 31. Be2 Ne6 32.
Qxb4 Qa7+ 33. Kf1 Nd4 34. Qa3 Qb6 35. Qa6 Qc5 36. b4 Qc3 37. Rb1 d5 38. Qd3
Nxe2 39. Kxe2 Qe5 40. b5 Rc3 41. Qd2 dxe4 42. f4 Qc5 43. b6 Rc2 44. b7
Rxd2+ 45. Kxd2 e3+ 46. Kd1 e2+ 47. Kd2 Qd4+ 48. Kc2 Qe4+ 0-1

[Event "WJun"]
[Site "Nakhchivan AZE"]
[Date "2003.07.02"]
[Round "12"]
[White "Ganguly,S"]
[Black "Bachin,V"]
[Result "0-1"]
[WhiteElo "2542"]
[BlackElo "2443"]
[EventDate "2003.06.22"]

1. e4 c6 2. d4 d5 3. Nd2 dxe4 4. Nxe4 Nd7 5. Ng5 e6 6. Bd3 Ngf6 7. N1f3 Bd6
8. Qe2 h6 9. Ne4 Nxe4 10. Qxe4 Nf6 11. Qh4 Ke7 12. Bf4 Bb4+ 13. Bd2 Bxd2+
14. Kxd2 g5 15. Qg3 g4 16. Nh4 Qxd4 17. Rae1 Kd7 18. c3 Qd6 19. Re5 Kc7 20.
Kc2 Nd7 21. Re4 Qxg3 22. fxg3 Rg8 23. Be2 h5 24. Rf1 Rg7 25. h3 b6 26. hxg4
hxg4 27. Rxg4 Rxg4 28. Bxg4 f5 29. Bh3 Nf6 30. g4 Nxg4 31. Bxg4 fxg4 32.
Rf8 e5 33. Kd2 c5 34. Ke3 Kd6 35. Rg8 Ke6 36. Rxg4 Kf7 37. Rg5 Be6 38. Rxe5
Bxa2 39. Kf4 Rd8 40. Rf5+ Ke6 41. Re5+ Kf7 42. Nf3 Rd1 43. Re2 a5 44. Nd2
a4 45. g4 b5 46. Ne4 Bc4 47. Rf2 b4 48. Nxc5 a3 49. Ke3+ Ke7 50. b3 Re1+
51. Kd4 Re2 52. Rf1 Re4+ 0-1

[Event "WJun"]
[Site "Nakhchivan AZE"]
[Date "2003.07.02"]
[Round "12"]
[White "Deepan,C"]
[Black "Dziuba,M"]
[Result "1-0"]
[WhiteElo "2379"]
[BlackElo "2450"]
[EventDate "2003.06.22"]

1. Nf3 d5 2. g3 Nf6 3. Bg2 c6 4. O-O Bg4 5. d3 Nbd7 6. Nbd2 e6 7. h3 Bh5 8.
b3 Bc5 9. Bb2 Qe7 10. a3 a5 11. b4 Bb6 12. c4 O-O 13. c5 Bc7 14. Qc2 Rfc8
15. e4 dxe4 16. dxe4 e5 17. Nh4 axb4 18. axb4 Be2 19. Rfe1 Bb5 20. Nf5 Qe6
21. h4 g6 22. Ne3 b6 23. Qc3 Qe7 24. Nb3 bxc5 25. Nxc5 Nxc5 26. bxc5 Nd7
27. Bh3 Rd8 28. Ng4 h5 29. Nh6+ Kg7 30. Qe3 Nxc5 31. Rxa8 Rxa8 32. Rd1 Nd3
33. Bc1 Qd6 34. Bf1 Rd8 35. Qg5 Kf8 36. Bxd3 Bxd3 37. Rxd3 Qxd3 38. Qf6 Rd7
39. Bg5 Qb1+ 40. Kh2 1-0

[Event "WJun"]
[Site "Nakhchivan AZE"]
[Date "2003.07.02"]
[Round "12"]
[White "Pantsulaia,L"]
[Black "Jatautis,D"]
[Result "1-0"]
[WhiteElo "2465"]
[BlackElo "2149"]
[EventDate "2003.06.22"]

1. d4 Nf6 2. c4 e6 3. Nc3 c5 4. d5 exd5 5. cxd5 Bd6 6. Nf3 a6 7. a4 Bc7 8.
g3 d6 9. Bg2 O-O 10. O-O Nbd7 11. Nd2 Rb8 12. h3 Re8 13. e3 Nf8 14. b3 b5
15. axb5 axb5 16. b4 Bd7 17. Nb3 Qe7 18. Bb2 Ng6 19. Ne2 Ne5 20. Bxe5 Qxe5
21. bxc5 dxc5 22. Nxc5 Rbd8 23. Nxd7 Rxd7 24. Qb3 Nxd5 25. Qxb5 Red8 26.
Nd4 Ne7 27. Qc4 g6 28. Rfb1 Rb8 29. Rxb8+ Bxb8 30. Rb1 Ba7 31. Qa4 Qd6 32.
Nb5 Qb6 33. Be4 Kg7 34. h4 Qc5 35. Qa1+ Kg8 36. Nxa7 Qxa7 37. Qe5 Rc7 38.
Ra1 Rc5 39. Qd4 Qc7 40. Ra8+ Nc8 41. Bd5 h5 42. e4 Rc1+ 43. Kg2 Kf8 44. Qf6
Ke8 45. Rxc8+ 1-0